000 00505 a2200181 4500
001 57980
005 20260407155839.0
008 260407a1966 arg spa d
003 AR-UNSa-BCEJYS
040 _aAR-UNSa-BCEJYS
_bspa
_cAR-UNSa-BCEJYS
080 _a347(094.4)
_xCódigo Civil
245 1 0 _aCódigo Civil
264 1 _aBuenos Aires :
_bVíctor P. de Zavalía
_c1966
300 _a1123 p.
_c20 cm
942 _cBK
590 _aniveau_biblio:m niveau_hierar:0
100 1 _aArgentina [Código Civil]
999 _c6360
_d6360